Statistics for 'tis the damn season - Taylor Swift (All Lyrics)

Click here to take the quiz!

General Stats

  • This quiz has been taken 672 times
  • The average score is 366 of 408

Answer Stats

Answer% Correct
I
100%
The
99%
the
99%
you
99%
You
99%
damn
98%
season
98%
Tis
98%
To
98%
to
98%
an
97%
go
97%
It
97%
it
97%
We
97%
we
97%
And
96%
and
96%
I'm
96%
me
96%
my
95%
this
95%
who
95%
at
94%
for
94%
house
94%
if
94%
If
94%
parents
94%
stay
94%
as
93%
call
93%
in
93%
know
93%
now
93%
Now
93%
stayin
93%
when
93%
babe
92%
even
92%
Even
92%
good
92%
real
92%
road
92%
weekend
92%
write
92%
be
91%
could
91%
down
91%
looks
91%
were
91%
ask
90%
not
90%
on
90%
so
90%
So
90%
your
90%
can
89%
with
89%
always
88%
hear
88%
hometown
88%
I'll
88%
It's
88%
it's
88%
taken
88%
wanted
88%
ever
87%
out
87%
Time
87%
was
87%
asked
86%
but
86%
But
86%
LA
86%
leads
86%
about
85%
back
85%
friends
85%
hanging
85%
leave
85%
make
85%
only
85%
that
85%
would've
85%
books
84%
gone
84%
is
84%
smile
84%
called
83%
I've
83%
just
83%
of
83%
all
82%
right
82%
fakin
81%
flies
81%
known
81%
same
81%
there
81%
While
81%
don't
80%
ours
80%
own
80%
smiles
80%
tell
80%
used
80%
yours
80%
bed
79%
breakin
79%
heart
79%
okay
79%
school
79%
warmest
79%
which
79%
around
78%
by
78%
kind
78%
leaving
78%
though
78%
missing
77%
staying
77%
truck
77%
won't
77%
ache
76%
car
76%
soul
76%
wonder
76%
between
75%
like
74%
mud
74%
parked
74%
Who'll
74%
day
73%
far
73%
Methodist
73%
ride
73%
times
73%
felt
72%
old
72%
put
72%
Sleep
72%
There's
72%
tires
72%
cold
71%
half
71%
too
71%
watched
71%
bad
70%
how
70%
sake
70%
Messy
69%
messy
69%
perfume
69%
passed
68%
run
68%
up
68%
wait
68%
holidays
67%
glass
66%
linger
66%
remember
66%
windshield
66%
escaped
65%
fogs
63%

Score Distribution

Percentile by Number Answered

Percent of People with Each Score

Your Score History

You have not taken this quiz